000 00532nam a22001697a 4500
005 20130711121617.0
010 _aENG-107945
020 _c395.00
_a9789350352236
035 _aEN-91478
037 _bDBAD/PUB
100 _aArora, Manish
245 0 0 _aLaw for the Layman /
_cby Manish Arora
260 _aDelhi
_bUniversal Law Publishing Co.
_c2013
270 _aC-FF-1A, Dilkhus Industrial Estate, (Near Azadpur Metro Station) G.T. Karnal Road,
_bDelhi
_e110033
300 _axxviii,385p. :
_c22cm(pbk)
_bill.
942 _2ddc
_cEN
_mMAN
999 _c77392
_d77392